Introductory graph theory /
Salvato in:
| Autore principale: | |
|---|---|
| Natura: | Libro |
| Lingua: | inglese |
| Pubblicazione: |
Budapest :
Akadémiai Kiadó,
1977
|
| Edizione: | 1.vyd. |
| Tags: |
Nessun Tag, puoi essere il primo ad aggiungerne!!
|
MARC
| LEADER | 00000nam a22000003a 4500 | ||
|---|---|---|---|
| 001 | stu4652 | ||
| 005 | 20150617225810.2 | ||
| 008 | 931013s1977----hu------------------eng-d | ||
| 020 | |a 963-05-0935-0 | ||
| 040 | |a STU |b slo | ||
| 041 | 0 | |a eng | |
| 044 | |a hu | ||
| 080 | |a 519.14 | ||
| 100 | 1 | |a Andrásfai, Béla |4 aut | |
| 245 | 1 | |a Introductory graph theory / |c [aut.] Andrásfai,Béla | |
| 250 | |a 1.vyd. | ||
| 260 | |a Budapest : |b Akadémiai Kiadó, |c 1977 | ||
| 300 | |a 267 s | ||
| 996 | |b E78332 |c E*78332 |l EE03 |s P |a 0 |w stu4652_0001 | ||